000 00296nam a2200145Ia 4500
100 _aWebster/Merriam
650 _aGeneral
942 _cRB
654 _aDictonary
245 _aDictonary
260 _bMerriam Webster Pub.
_aUSA
_c1987
082 _a423
300 _a1564
546 _aENGLISH
999 _c29603
_d29603